000 00523nam a2200181 a 4500
003 BD-RjUL
005 20240118113312.0
008 870401s19501932enk 000 0 eng d
035 _a(BD-RjUL)
040 _aANL
_beng
_cANL
_d2907
041 _aeng
082 0 4 _a823.912
_bDOC V-2 1950
100 1 _aDoyle, Arthur Conan,
_d1859-1930.
_910926
245 1 4 _aThe Conan Doyle historical romances /
_c[by] Arthur Conan Doyle.
260 _aLondon :
_bJohn Murray,
_c1950. [1932]
300 _a819 p. ;
_c19 cm.
942 _2ddc
_cBK
999 _c82674
_d82674